00672nam a22001937a 450000500170000001000140001702000230003103500130005403700130006708200130008010000230009324500660011626000420018227000520022430000200027694200270029699900170032395201380034020100726154949.0 aENG-97009 a8175242647c195.00 aEN-80542 bDBAD/PUB a617.1027 aAmbast, Anju91573 aPrevention and treatment of sports injuries /cby Anju Ambast aNew Delhi bKhel Sahitya kendrac2010 a7/26, Ansari Road DaryaganjbNew Delhi e110002 a81p.c22cm (Hb) 2ddccENh617.1027mAMB c37799d37799 001040718NFICaDBADbDBADd2010-07-26eDBAD/PUBg195.00l0o617.1027 AMBpEN-80542r2010-07-26 00:00:00t1v195.00w2010-07-26yEN